| 000 | 01099nam a2200325Ia 4500 | ||
|---|---|---|---|
| 003 | OSt | ||
| 005 | 20220912144545.0 | ||
| 006 | a|||||r|||| 00| 0 | ||
| 007 | ta | ||
| 008 | 220909b |||||||| |||| 00| 0 eng d | ||
| 020 | _a076199307X (hbk) | ||
| 020 | _aSL00859617 | ||
| 024 | _a188694 | ||
| 037 | _cTextual | ||
| 040 |
_aCSL _beng _cCSL |
||
| 041 | _aeng | ||
| 082 | _aY31:348(J).4475, N9 | ||
| 100 | _aRogaly Ben Ed.; Harriss-White Barbara Ed.; Bose Sugata Ed. | ||
| 245 | 0 | _aSonar Bangla : agricultural growth and agrian change in West Bengal and Bangladesh | |
| 260 |
_aNew Delhi _b Sage _c1999 |
||
| 300 | _a426p. | ||
| 500 | _aInclude bibliography references.; Index 418-424p. | ||
| 650 | _a Agriculture and state- Bangladesh | ||
| 650 | _a Agriculture- economic aspects- India | ||
| 650 | _aAgriculture growth | ||
| 700 | _aRogaly Ben Ed.; Harriss-White Barbara Ed.; Bose Sugata Ed. | ||
| 942 |
_hY31:348(J).4475, N9 _cTEXL _2CC |
||
| 999 |
_c11958 _d11958 |
||